[Event "Recife Cacoal op"]
[Site "Recife"]
[Date "2024.06.01"]
[Round "4"]
[White "Astenreter, Juan Carlos De Souz"]
[Black "De Oliveira, Gabriel Alves"]
[Result "1/2-1/2"]
[WhiteElo "1563"]
[BlackElo "1705"]
[PlyCount "87"]
[EventDate "2024.05.31"]
[EventType "swiss"]
[EventRounds "6"]
[EventCountry "BRA"]
[SourceTitle "CB24_2024"]
[SourceDate "2024.06.12"]
[SourceVersion "1"]
[SourceVersionDate "2024.06.12"]
[SourceQuality "1"]

1. e4 e6 2. d4 d5 3. e5 c5 4. c3 Nc6 5. Nf3 Qb6 6. a3 Be7 7. b4 cxd4 8. cxd4 f6 9. Be3 Qc7 10. exf6 Nxf6 11. Be2 0-0 12. 0-0 Ng4 13. Bc1 Rxf3 14. g3 Rf8 15. Bxg4 e5 16. Bxc8 Raxc8 17. Bb2 exd4 18. Nd2 Bf6 19. Nf3 Qd7 20. Nxd4 Qh3 21. Rb1 Ne5 22. f4 Ng4 23. Nf3 Bxb2 24. Qxd5+ Kh8 25. Rxb2 Ne3 26. Qb5 Qxf1+ 27. Qxf1 Nxf1 28. Kxf1 Rc1+ 29. Ke2 Rfc8 30. Nd4 R8c3 31. Kd2 Rc6 32. Nxc6 Rxc6 33. Rb3 Kg8 34. a4 Kf7 35. Rc3 Rd6+ 36. Rd3 Ke6 37. Rxd6+ Kxd6 38. Kd3 Kd5 39. g4 b6 40. h4 h6 41. g5 hxg5 42. fxg5 g6 43. a5 b5 44. a6 1/2-1/2